| 000 | 00486nam a22001457a 4500 | ||
|---|---|---|---|
| 005 | 20250719095711.0 | ||
| 008 | 250719b |||||||| |||| 00| 0 eng d | ||
| 050 | _aTHE SB 608 .C6 K43 2015 | ||
| 100 | _aKEBATI, RUTH KERUBO | ||
| 245 | _aEFFECT OF CANOPY MANAGEMENT AND ARTIFICIAL SHADING ON SEVERITY OF COFFE BERRY DISEASE IN KIAMBU COUNTY, KENYA | ||
| 260 |
_aKISII _bKISII UNIVERSITY _c2015 |
||
| 300 | _aXV,70P. | ||
| 500 | _aINCLUDES BIBLIOGRAPHIC REFERENCES | ||
| 942 |
_2lcc _cREF |
||
| 999 |
_c215938 _d215938 |
||